000 00683nam a2200253Ia 4500
003 OSt
005 20221007063147.0
006 a|||||r|||| 00| 0
007 ta
008 221006b |||||||| |||| 00| 0 eng d
024 _a10,037
037 _cTextual
040 _aFLL
_cFLL
_beng
041 _2eng
_aeng
082 _aZ2:1:6qN25, L7
100 _aParuck Au.
_9683648
245 0 _aIndian succession act,1925
250 _a6th
260 _aBombay
_bN.M.Tripathi India
_c1977
300 _axcv,862p
_ccm.
700 _a Raghavan V.V. Au.
_9683608
942 _hZ2:1:6qN25, L7
_cTEXL
_2CC
999 _c1130551
_d1130551